Normal view
MARC view
- Omar Altaf
Entry Personal Name
001 - CONTROL NUMBER
- control field: 93307
003 - CONTROL NUMBER IDENTIFIER
- control field: NUST
005 - DATE AND TIME OF LATEST TRANSACTION
- control field: 20220706152445.0
008 - FIXED-LENGTH DATA ELEMENTS
- fixed length control field: 220706|| aca||aabn | a|a d
040 ## - CATALOGING SOURCE
- Original cataloging agency: NUST
- Transcribing agency: NUST
100 ## - HEADING--PERSONAL NAME
- Personal name: Omar Altaf
670 ## - SOURCE DATA FOUND
- Source citation: Work cat.: (NUST)9115: Omar Altaf, Integration of salesforce.com and Collabobase, 2006.
